| 000 | 00715cam a2200229 4500 | ||
|---|---|---|---|
| 001 | 3055 | ||
| 005 | 20181127170407.0 | ||
| 008 | 070330s2008 nyua b 000 0 eng | ||
| 010 | _a 2007013478 | ||
| 020 | _a0393929892 (pbk.) | ||
| 020 | _a9780393929898 (pbk.) | ||
| 245 | 0 | 4 |
_aThe contexts reader / _cedited by Jeff Goodwin and James M. Jasper. |
| 250 | _a1st ed. | ||
| 260 |
_aNew York : _bW.W. Norton, _cc2008. |
||
| 300 |
_aix, 515 p. : _bill. ; _c24 cm. |
||
| 500 | _a""American Sociological Association."" | ||
| 504 | _aIncludes bibliographical references. | ||
| 650 | 0 | _aSocial problems. | |
| 700 | 1 | _aGoodwin, Jeff. | |
| 700 | 1 |
_aJasper, James M., _d1957- |
|
| 710 | 2 | _aAmerican Sociological Association. | |
| 999 |
_c2456 _d2456 |
||